|
|
|
|
| LEADER |
01483nam a22003377a 4500 |
| 001 |
32813 |
| 003 |
BD-DhAAL |
| 005 |
20211108150420.0 |
| 008 |
180315t2017 enka o 001 0 eng d |
| 999 |
|
|
|c 39111
|d 39111
|
| 020 |
|
|
|a 9781787125933
|
| 020 |
|
|
|a 1787125939
|
| 040 |
|
|
|a BD-DhAAL
|
| 082 |
|
|
|a 005.133
|2 21
|
| 100 |
|
|
|a Raschka, Sebastian
|9 25096
|
| 245 |
|
|
|a Python machine learning :
|b machine learning and deep learning with Python, scikit-learn, and TensorFlow /
|c Sebastian Raschka and Vahid Mirjalili
|
| 250 |
|
|
|a Second edition
|
| 260 |
|
|
|a Birmingham, UK :
|b Packt Publishing,
|c c2017.
|
| 300 |
|
|
|a xviii, 595 pages :
|b illustrations ;
|c 24 cm.
|
| 500 |
|
|
|a Includes index.
|
| 500 |
|
|
|a Previous edition published: 2015.
|
| 526 |
|
|
|a AAL, CSE(34021)
|
| 541 |
|
|
|a STS International
|e 32813, 34021
|
| 650 |
|
|
|a Python (Computer program language).
|9 25097
|
| 650 |
|
|
|a Machine learning.
|9 25098
|
| 650 |
|
|
|a Computer science.
|9 42409
|
| 700 |
|
|
|a Mirjalili, Vahid
|9 25099
|
| 852 |
|
|
|a Ayesha Abed Library
|c General Stacks
|
| 942 |
|
|
|2 ddc
|c BK
|
| 952 |
|
|
|0 0
|1 0
|2 ddc
|4 0
|6 005_133000000000000_RAS
|7 0
|9 62862
|a BRACUL
|b BRACUL
|c GEN
|d 2018-03-13
|e STS International
|g 4200.00
|l 18
|m 100
|o 005.133 RAS
|p 3010032813
|r 2026-04-26
|s 2025-08-24
|t 1
|v 4200.00
|w 2018-03-13
|y BK
|
| 952 |
|
|
|0 0
|1 0
|2 ddc
|4 0
|6 005_133000000000000_RAS
|7 0
|9 64680
|a BRACUL
|b BRACUL
|c GEN
|d 2018-11-14
|e STS International
|g 3190.00
|l 15
|m 150
|o 005.133 RAS
|p 3010034021
|r 2026-04-27
|s 2025-08-10
|t 2
|v 3190.00
|w 2018-11-14
|y BK
|